| 000 | 00476nam a22001571a 4500 | ||
|---|---|---|---|
| 020 | _c0.00 | ||
| 040 | _aNEGST Library - Kenya | ||
| 082 | _aPJ 5257.K813 1976 | ||
| 100 | _aKutscher E.Y. | ||
| 245 |
_aStudies in Galilean Aramaic _cE.Y. Kutscher _h[Text] |
||
| 260 |
_aRamat-Gan, Israel _bBar-Ilan University _c1976 |
||
| 300 | _ax, 114p.; | ||
| 500 | _aIncludes Bibliographical References | ||
| 600 | _aAramaic language. | ||
| 852 | _920.00 | ||
| 999 |
_c37448 _d37448 |
||